The index, and Qatar rising, and Working in Qatar (Record no. 81270)
[ view plain ]
| 000 -LEADER | |
|---|---|
| fixed length control field | 01409cab a22002775a 4500 |
| 001 - CONTROL NUMBER | |
| control field | L146736 |
| 008 - FIXED-LENGTH DATA ELEMENTS--GENERAL INFORMATION | |
| fixed length control field | 090223e20090205xxkabdof 000 0 eng d |
| 035 ## - SYSTEM CONTROL NUMBER | |
| System control number | (Sirsi) u146736 |
| 041 0# - LANGUAGE CODE | |
| Language code of text/sound track or separate title | eng |
| 100 1# - MAIN ENTRY--PERSONAL NAME | |
| Personal name | Bowie, Jess |
| 245 04 - TITLE STATEMENT | |
| Title | The index, and Qatar rising, and Working in Qatar |
| 260 ## - PUBLICATION, DISTRIBUTION, ETC. | |
| Date of publication, distribution, etc. | 2009 |
| 490 #0 - SERIES STATEMENT | |
| Series statement | Architects' Journal |
| Volume/sequential designation | (229) 5 February 2009, 22-33 (12) |
| 490 ## - SERIES STATEMENT | |
| Series statement | AJ Emerging markets |
| Volume/sequential designation | (3) |
| 520 ## - SUMMARY, ETC. | |
| Summary, etc. | The third report of the Emerging Market Series (see also L145797). Discusses Qatar's construction market and opportunities. Outlines economic and socio-political data on Qatar. Presents Qatar as the future arts and education centre of the Middle East. Suggests that while being wealthy, Qatars construction opportunities have reduced due to the global economic downturn. However, its economy is expected to continue to grow. Provides advice on how to set up an architect's practice in Qatar. Includes general guidance to construction professionals who wish to migrate for career purposes to Qatar. Comprehensive report including an overview of the life in Qatar, with the cost of living. |
| 590 ## - LOCAL NOTE (RLIN) | |
| Local note | KA |
| 651 #4 - SUBJECT ADDED ENTRY--GEOGRAPHIC NAME | |
| Geographic name | Qatar |
| 651 #4 - SUBJECT ADDED ENTRY--GEOGRAPHIC NAME | |
| Geographic name | Middle East |
| 690 ## - LOCAL SUBJECT ADDED ENTRY--TOPICAL TERM (OCLC, RLIN) | |
| Topical term or geographic name as entry element | BUILT ENVIRONMENT-CONSTRUCTION MARKET |
| 700 1# - ADDED ENTRY--PERSONAL NAME | |
| Personal name | Murray, Christine |
| 700 1# - ADDED ENTRY--PERSONAL NAME | |
| Personal name | Arlidge, John |
| 700 1# - ADDED ENTRY--PERSONAL NAME | |
| Personal name | Alexander, Kaye |
| 700 1# - ADDED ENTRY--PERSONAL NAME | |
| Personal name | Bennes, Crystal |
| 700 1# - ADDED ENTRY--PERSONAL NAME | |
| Personal name | Long, Kieran |
| 942 ## - ADDED ENTRY ELEMENTS (KOHA) | |
| Suppress in OPAC | 0 |
| Withdrawn status | Lost status | Source of classification or shelving scheme | Damaged status | Not for loan | Home library | Current library | Shelving location | Date acquired | Total Checkouts | Full call number | Barcode | Date last seen | Copy number | Price effective from | Koha item type |
|---|---|---|---|---|---|---|---|---|---|---|---|---|---|---|---|
| Dewey Decimal Classification | London | London | Journal article | 23/02/2009 | L146736 | 146736-1001 | 06/08/2019 | 1 | 06/08/2019 | Journal article |